<The> economic adjustment programme for Portugal fifth review - summer 2012

Enregistré dans:
Détails bibliographiques
Collectivité auteur: European Commission
Format: Livre
Langue:anglais
Publié: Luxembourg Publications Office of the European Union 2012
Collection:European economy
Sujets:
Tags: Ajouter un tag
Pas de tags, Soyez le premier à ajouter un tag!

MARC

LEADER 00000nam$a2200000$$$4500
001 0174232
005 20240318114237.8
020 |a 978-92-79-22915-2 
022 |a 1725-3195 
041 0 |a eng 
044 |a LU 
245 1 0 |a <The> economic adjustment programme for Portugal  |b fifth review - summer 2012 
264 1 |a Luxembourg  |b Publications Office of the European Union  |c 2012 
300 |a 108 s. 
490 1 |a European economy 
830 0 |a European economy 
610 2 0 |a situácia hospodárska 
610 2 0 |a rozvoj hospodársky 
610 2 0 |a politika fiškálna 
610 2 0 |a dlhy štátne 
610 2 0 |a politika finančná 
610 2 0 |a Portugalsko 
110 2 |a European Commission